000
00317nam a2200121Ia 4500
008
220217s9999||||xx |||||||||||||| ||und||
082
_a
005.13 GRE
100
_a
Greg, Buczek
245
0
_a
ASP developer's guide
260
_a
Tata mcgraw hill
_b
New Delhi
_c
2000
300
_b
395
650
_a
PROGRAMMING LANGUAGE
999
_c
172289
_d
172289